000 00527nam a2200205Ia 4500
005 20250326141229.0
008 250326s9999 xx 000 0 und d
020 _a1-878975-58-7
037 _aTextbook
040 _aFMSL
_beng
_cFMSL
041 _aeng
_2eng
084 _aX65 N5
_qFMSL
100 _aKolb R W
_9295697
245 0 _aInvestments reader
_cKolb R W
250 _a2
260 _aOxford
_bOxford, Blackwell Business
_c1995
300 _a421p
942 _cTB
_hX65 N5
999 _c1289336
_d1289336